UBT Library

100 ornamental alphabets / (Record no. 41751)

000 -LEADER
fixed length control field 00757cam a2200229 a 4500
001 - CONTROL NUMBER
control field 1142021
005 - DATE AND TIME OF LATEST TRANSACTION
control field 20180205071130.0
008 - FIXED-LENGTH DATA ELEMENTS--GENERAL INFORMATION
fixed length control field 950302s1995 nyua 000 0 eng
010 ## - LIBRARY OF CONGRESS CONTROL NUMBER
LC control number 95006215
020 ## - INTERNATIONAL STANDARD BOOK NUMBER
International Standard Book Number 0486286967 (pbk.)
040 ## - CATALOGING SOURCE
Original cataloging agency DLC
Transcribing agency DLC
Modifying agency DLC
041 ## - LANGUAGE CODE
Language code of text/sound track or separate title eng
080 ## - UNIVERSAL DECIMAL CLASSIFICATION NUMBER
Universal Decimal Classification number 686.224 jam
082 00 - DEWEY DECIMAL CLASSIFICATION NUMBER
Classification number 686.224 jam
Edition number 20
100 ## - Rafti
Rafti 10
101 ## - Shkurtesa
Shkurtesa mje
245 00 - TITLE STATEMENT
Title 100 ornamental alphabets /
Statement of responsibility, etc selected and arranged by Dan X. Solo ; from the Solotype Typographers catalog.
246 3# - VARYING FORM OF TITLE
Title proper/short title One hundred ornamental alphabets
906 ## - LOCAL DATA ELEMENT F, LDF (RLIN)
a 7
b cbc
c orignew
d 1
e ocip
f 19
g y-gencatlg
942 ## - ADDED ENTRY ELEMENTS (KOHA)
Source of classification or shelving scheme
Item type Books
Holdings
Withdrawn status Lost status Source of classification or shelving scheme Damaged status Not for loan Collection code Permanent location Current location Shelving location Date acquired Total Checkouts Full call number Barcode Date last seen Price effective from Koha item type
          Koleksioni i përgjithshem UBT - Lipjan UBT - Lipjan Koleksioni i përgjithshem 02/05/2018   686.224 jam 002-2997622 02/05/2018 02/05/2018 Books
UBT Library © 2015-2024. All rights reserved University Education for Business and Technology